| 000 | 00423nam a2200181Ia 4500 | ||
|---|---|---|---|
| 001 | 19484 | ||
| 005 | 20260306172656.0 | ||
| 008 | 260306t1996||||xx |||||||||||||| ||spa|| | ||
| 041 | _aESP | ||
| 082 |
_a340 _bR91 |
||
| 100 |
_aRubio Correa, Marcial _eAUT |
||
| 245 | 0 | _aLas reglas del amor en probetas de laboratorio | |
| 260 | _c1996 | ||
| 300 |
_a _c |
||
| 650 | _aGEN | ||
| 654 | _aCDE | ||
| 942 |
_cLIB _dJUS _fJUS _2ddc _n |
||
| 999 |
_c19484 _d19484 |
||